| 000 | 01069 a2200205 4500 | ||
|---|---|---|---|
| 001 | 57768 | ||
| 005 | 20260407155837.0 | ||
| 008 | 260407a1984 arg spa d | ||
| 003 | AR-UNSa-BCEJYS | ||
| 040 |
_aAR-UNSa-BCEJYS _bspa _cAR-UNSa-BCEJYS |
||
| 080 |
_a271.4 _xAgustinos |
||
| 245 | 1 | 0 | _aProblemática filosófica Agustiniana |
| 264 | 1 |
_aMendoza : _bUniversidad Nacional de Cuyo. Facultad de Ciencias Económicas _c1984 |
|
| 300 |
_a214 p. _c22 cm. |
||
| 505 | _a1. la personalidad de San Agustín – 2. San Agustín, el filósofo de la interioridad – 3. El hombre como “imago et similitudo dei” – 4. El problema del origen del alma – 5. La unión de cuerpo y alma – 6. El descubrimiento de Dios – 7. La búsqueda de la verdad – 8. El problema de la libertad y de la gracia – 9. El problema del mal – 10. La virtud – 11. La educación como autoformación – 12. El humanismo político – 13. La perennidad de San Agustín | ||
| 041 | _aspa | ||
| 942 | _cBK | ||
| 590 | _aniveau_biblio:m niveau_hierar:0 | ||
| 100 | 1 | _aLetizia, Francisco | |
| 999 |
_c6280 _d6280 |
||